00461nam a2200157Ia 4500008004100000020001800041082001800059100002600077245003800103250000800141260003500149300001200184500003900196650004600235700002200281240827s9999 xx 000 0 und d a9788131518304 a621.395bR74D aRoth, Jr., Charles H. 0aDigital Systems Design Using VHDL a2nd aNew DelhibCengage Indiac2023 axi,580p aDigital SystemsVHDLComputer Design aElectronics and Communication Engineering aJohn, Lizy Kurian